00454nam a2200181Ia 4500008004100000020001400041050001500055100002000070245003300090245005500123260001500178260001600193260000900209300001600218300002000234300001000254500000800264170918s9999 xx 000 0 und d a590425994 bE51ad 1969 aEvslin, Bernard 4aThe adventures of Ulysses / cby Bernard Evslin ; illustrated by William Hunter. aNew York : bScholastic, c1969 a179 pages : billustrations ; c17cm. a860